| 000 | 00571nam 22001933 4500 | ||
|---|---|---|---|
| 001 | 197563 | ||
| 010 | _a972-8247-05-2 | ||
| 021 | _b129600/98 | ||
| 090 | _a197563 | ||
| 100 | _a20250821d u||y0pory50 ba | ||
| 200 |
_aParceria A.M. Pereira _fAntónia Maria Pereira _gCrónica de uma dinastia livreira |
||
| 210 |
_aLisboa _cPandora Edições _d1998 |
||
| 215 |
_a195 p. _cencadernado _d24 cm |
||
| 606 |
_91108 _aGestão empresarial |
||
| 675 |
_a658 _vPT _zpor |
||
| 700 |
_913613 _aPereira _bAntónia Maria |
||
| 801 |
_aPT _bBMMN _gRPC |
||
| 830 |
_cFernando _fFernando |
||
| 990 | _cLIVROS | ||